عرض عادي عرض مارك
  • Drug Dosage Calculations

مدخل مصطلح موضوعي

عدد التسجيلات المستخدمة في: 1

001 - رقم الضبط

  • حقل الضبط: 11497

003 - معرف رقم الضبط

  • حقل الضبط: OSt

005 - تاريخ ووقت أخر عملية

  • حقل الضبط: 20120419021334.0

008 - عناصر بيانات ثابتة الطول

  • حقل تحكم ثابت الطول: 120419|||a|||||| | ||| d

040 ## - مصدر الفهرسة

  • هيئة الفهرسة الأصلية: OSt
  • وكالة الكتابة: OSt

150 ## - مدخل-- مصطلح تاريخي

  • عنصر مدخل المصطلح الموضوعي او الاسم الجغرافي: Drug Dosage Calculations
  • تفريع شكلي: Nurses' Instruction.

670 ## - بيانات المصدر موجوده

  • الاستشهاد بالمصدر: Work cat.: (OSt)23530: Olsen, June Looby. 11494, Medical dosage calculations :, c2012.